000 00702nam a2200169 4500
001 1140
005 20181127162744.0
090 0 0 _a315.498 P96489p 2007
110 _aNational Statistics Bureau, Royal Government of Bhutan.
_b
_c
_d
_e
_n
_p
245 0 0 _aPopulation projections Bhutan 2005 - 2030 :
_bbased on population and housing census of Bhutan 2005 /
_cNational Statistics Bureau.
_h
250 0 0 _a
260 0 0 _aThimphu :
_bNational Statisitcs Bureau.
_c2007
300 0 0 _a38 leaves ; 29 cm.
500 0 0 _aChiefly statistics.
650 0 0 _aPopulation forecasting --Bhutan --Statistics.
_x
856 _a
_uhttp://www.nsb.gov.bt/publication/files/pub0fi10137nm.pdf
_yPopulation projections Bhutan 2005 - 2030
_z
_3
999 _c797
_d797